Statistics for All Shy Glizzy Songs

Click here to take the quiz!

General Stats

  • This quiz has been taken 5 times
  • The average score is 88 of 232

Answer Stats

AlbumSong% Correct
Young JefeGlizzy
80%
No BrainerIntro
60%
LawLaw
60%
Law 3: Now or NeverMoney
60%
The World Is YoursOne
60%
Covered N' Blood1992
40%
Fully Loaded30s, 50s, 100s
40%
No Brainer30 Shot Clip
40%
No Brainer4 My Town
40%
Young Jefe 25 Minutes
40%
Streets Hottest YounginAll That
40%
Streets Hottest YounginAngels Come Get Me
40%
Law 3: Now or NeverAnywhere
40%
Young JefeAwwsome
40%
No BrainerBall Out
40%
Covered N' BloodBang Bang
40%
Young Jefe 2Bankroll
40%
Streets Hottest YounginBass Head
40%
Fxck RapBetter
40%
Law 3: Now or NeverBetter Days
40%
Covered N' BloodBig Dipper
40%
Quiet StormBlow a Bag
40%
Law 2Bodies
40%
Fully LoadedBorn Hustler
40%
Fully LoadedBring It Back
40%
LawBusters
40%
Young JefeCall from Cannon 1
40%
Young JefeCall from Cannon 2
40%
For Trappers OnlyCancel That B***h
40%
Young JefeCatch a Body
40%
Law 3: Now or NeverCelebration
40%
Law 2CFWM
40%
LawCocaine B***hes
40%
Young JefeCoca Loca
40%
Law 3: Now or NeverCocky
40%
The World Is YoursCongratulations
40%
Streets Hottest YounginCool Boo
40%
No BrainerDayDay, Diesel, Mello
40%
Fxck RapDeal with Ya
40%
Covered N' BloodDemons
40%
Fully LoadedDiamonds
40%
Law | Streets Hottest YounginDirty Game
40%
For Trappers OnlyDo It
40%
Fully LoadedDon't Talk to Strangers
40%
Quiet StormDope Boy Magic
40%
Young Jefe 3Double 00
40%
Fully LoadedDo You Understand?
40%
The World Is YoursErrywhere
40%
Law 3: Now or NeverEverything Golden
40%
Streets Hottest YounginEverything Stupid
40%
LawFast Life
40%
Streets Hottest YounginFast Money
40%
Young Jefe 3Feel the Vibe
40%
Streets Hottest YounginFire Up
40%
For Trappers OnlyFirst 48
40%
Quiet StormFirst 48, Pt. 2
40%
Streets Hottest YounginF**k You Song
40%
AlohaFly High
40%
Young Jefe 3Forever Tre-7
40%
Law 2Free tha Gang
40%
Law 3: Now or NeverFuneral
40%
Fxck RapFxck Rap
40%
No BrainerGator
40%
Quiet StormGet Away
40%
Quiet StormGet It Again
40%
Quiet StormGet Jiggy
40%
Fully LoadedGet Money
40%
The World Is YoursGet Money 4Life
40%
Law 2Get Well Soon
40%
Quiet StormGG Worldwide
40%
Fully LoadedGimme a Hit
40%
The World Is YoursGive It Up
40%
For Trappers OnlyGoing Thru It
40%
LawGoin' Hard
40%
Law 2Gudda
40%
Law 2Guns & Roses
40%
Young Jefe 3Hamilton
40%
Law 3: Now or NeverHandcuffs
40%
Quiet StormHandle the Truth
40%
Quiet StormHaters Anthem
40%
LawHood Star
40%
Young Jefe 3Hooray
40%
Fxck RapHova
40%
Covered N' BloodHow I'm Coming
40%
Young Jefe 2How It Go
40%
Young Jefe 2Huh
40%
For Trappers OnlyHunnit Hunnit
40%
Law 2I Am DC
40%
Streets Hottest YounginI Blow Cash
40%
LawI Bought
40%
Young JefeI Can't Trust Myself
40%
LawI Come from Nothing
40%
Law 2If I Want To
40%
No BrainerI Love You Ma
40%
Young JefeI'm a Star
40%
Young JefeI'm On Fire
40%
Streets Hottest YounginIncarcerated
40%
Fully LoadedI Need Mo
40%
Fxck RapI Wish
40%
Quiet StormKeep It Goin
40%
Young JefeLa Introduction
40%
Law 3: Now or NeverLegend
40%
Young Jefe 2Let It Rain
40%
Young Jefe 3Like That
40%
AlohaLil Ghetto Kid
40%
For Trappers OnlyLil Mama
40%
Fully LoadedLive Up to the Hype
40%
Young JefeLiving It Up
40%
Young Jefe 3Lonely Vibes
40%
For Trappers OnlyLong Time
40%
The World Is YoursLove Me
40%
Quiet StormLoving Me
40%
Fully LoadedMafia
40%
Quiet StormMake It Out
40%
Young JefeMedellin
40%
Fxck RapMoney Problemz
40%
Fully LoadedMoney Set
40%
Quiet StormMore Clips
40%
Young JefeMula
40%
LawMy Brother
40%
LawMy City
40%
Young Jefe 2New Crack
40%
Fxck RapN Love
40%
Young Jefe 3No Joke
40%
For Trappers OnlyNo Sleep
40%
Young Jefe 2OG Call (Skit)
40%
AlohaOhana
40%
Covered N' BloodOh Lord
40%
Streets Hottest YounginOh My Gosh
40%
Quiet StormOne Day
40%
Young Jefe 3Only God Can Judge Me
40%
Young JefeOr Nah
40%
For Trappers OnlyOut the Block
40%
The World Is YoursOver the Hills
40%
Young Jefe 3Paint the Town Red
40%
Covered N' BloodPanicking
40%
Quiet StormPaper Soldiers
40%
Fxck RapPilot
40%
No BrainerPower
40%
Young JefePrey for Me
40%
Covered N' BloodPrime Tyme
40%
Be Careful | Fully LoadedProblems
40%
AlohaProfanity
40%
Covered N' BloodQuarterback Glizzy
40%
Quiet StormQuiet Storm
40%
No BrainerReal As They Come
40%
Young Jefe 3Real Members
40%
Fully LoadedRich Shooters
40%
Young Jefe 2Ride 4 U
40%
Law 3: Now or NeverRidin
40%
Covered N' BloodRiding Down Slauson
40%
Young Jefe 3Right or Wrong
40%
Young Jefe 2Rounds
40%
Fxck RapSad to Say
40%
Quiet StormShank
40%
Law 3: Now or NeverShe Like Me
40%
Fxck RapShooters
40%
Young Jefe 3Shooting Star
40%
Young Jefe 3Situations
40%
Covered N' BloodSkit
40%
Young Jefe 3Slide Over
40%
Young JefeSnow Angel
40%
Law 2Some Ones
40%
LawSouthside
40%
No BrainerSpeedin'
40%
Streets Hottest YounginSteve Francis
40%
Law 2Street Money
40%
No BrainerSuck Me with No Hands
40%
Fully LoadedSuper Freak
40%
Fxck RapSwish
40%
LawTake a Flick
40%
For Trappers OnlyTake a While
40%
The World Is YoursTake It Off
40%
Quiet StormTake Me Away
40%
Law 3: Now or NeverThank You
40%
Fully LoadedThe Carter
40%
Law 2The N Word
40%
For Trappers OnlyThe Plan
40%
Young Jefe 2Think About It
40%
Fxck RapToo Far
40%
Young Jefe 3Too Hood 4 Hollywood
40%
Young Jefe 3Top Floor
40%
Fully LoadedTrap Baby
40%
Fxck RapTru Story
40%
LawTurn It Up
40%
Young JefeUngrateful
40%
Covered N' BloodVolcano
40%
AlohaWaikiki Flow
40%
Young Jefe 2Waiting on My Time
40%
LawWarning
40%
Law 2Wassaname
40%
Fully LoadedWavy
40%
Streets Hottest YounginWhat I Want
40%
Law 3: Now or NeverWhat To Do
40%
Law 3: Now or NeverWhat U Talkin Bout
40%
Fully LoadedWhere We Come From
40%
Young JefeWhite Girl
40%
No BrainerWhite & Metal
40%
No BrainerWild Child
40%
For Trappers OnlyWinning
40%
Young Jefe 3With a Don
40%
Young Jefe 2You Know What
40%
Law 21 Foot 1 Foot Out
20%
Law 3: Now or Never3 Glizzy
20%
Be CarefulAbove the Rim
20%
Fly MoneyAccess
20%
Be CarefulActors
20%
Be CarefulAin't the Same
20%
Fly MoneyAll We Do
20%
Be CarefulBlast Off
20%
Be CarefulDC Is It (Intro)
20%
LawDead Gone
20%
Be CarefulDon't Tell On Me
20%
Fly MoneyFly Money
20%
Fly MoneyForeign
20%
Be CarefulFrom the Get Go
20%
Be CarefulGlock Boyz
20%
Be CarefulGoing Down
20%
Fly MoneyHood Rat
20%
Be CarefulI Did It
20%
Fly MoneyLivin Life
20%
Fly MoneyMy Moment
20%
Be CarefulPlenty Paper
20%
Fly MoneyRich Feeling
20%
Fly MoneySuper Stupid
20%
Fly MoneyVideo
20%
Be CarefulV.I.P.
20%
Be CarefulWe Got Plenty
20%
Be CarefulWelcome to the Mobb
20%
Be CarefulX Pac
20%

Score Distribution

Percentile by Number Answered

Percent of People with Each Score

Your Score History

You have not taken this quiz